| 000 -ლიდერი |
| ფიქსირებული სიგრძის საკონტროლო ველი |
02107nam a2200289Ia 4500 |
| 001 - საკონტროლო ნომერი |
| საკონტროლო ველი |
22538 |
| 003 - საკონტროლო ნომრის იდენტიფიკატორი |
| საკონტროლო ველი |
GE_BSU |
| 005 - ბოლო ოპერაციის თარიღი და დრო |
| საკონტროლო ველი |
20220920095903.0 |
| 008 - ფიქსირებული სიგრძის მონაცემთა ელემენტები - ზოგადი ინფორმაცია |
| ფიქსირებული სიგრძის საკონტროლო ველი |
181216s2013||||ge |||||||||||||| ||geo|| |
| 040 ## - კატალოგიზაციის წყარო |
| Transcribing agency |
GE_BSU |
| 041 ## - ენის კოდი |
| Language code of text/sound track or separate title |
geo |
| 080 ## - უნივერსალური ათობითი კლასიფიკაციის ინდექსი |
| Universal Decimal Classification number |
61 ბ-85 |
| 100 ## - მთავარი ჩანაწერი - პიროვნების სახელი |
| Personal name |
ბოჟაძე, ანა |
| 9 (RLIN) |
11572 |
| 245 ## - ცნობა სათაურის შესახებ |
| Title |
ქრისტესისხლას მიწისზედა ნაწილებიდან მიზანმიმართული მიწოდების ციტოტოქსიკური საშუალების შემუშავება: დისერტაცია / |
| Statement of responsibility, etc |
ანა ბოჟაძე; სამეცნიერო ხელმძღვანელი ალიოშა ბაკურიძე, ვალენტინა ვაჩნაძე; თბილისის სახელმწიფო სამედიცინო უნივერსიტეტი. |
| 264 ## - წარმოების, გამოცემის, დისტრიბუციის და სხვა ცნობები |
| გამოცემის, წარმოების, დისტრიბუციის... ადგილი |
თბილისი, |
| გამოცემის, წარმოების, დისტრიბუციის... თარიღი |
2013. |
| 300 ## - ფიზიკური აღწერა |
| Extent |
235 გვ. : |
| Other physical details |
ილუსტრაციები, ცხრილები ; |
| Dimensions |
23 სმ. |
| 504 ## - BIBLIOGRAPHY, ETC. NOTE |
| Bibliography, etc |
ბიბლ.გვ. 212-225 |
| 653 ## - INDEX TERM--UNCONTROLLED |
| Uncontrolled term |
ფარმაცია |
| 653 ## - INDEX TERM--UNCONTROLLED |
| Uncontrolled term |
ქრისტესისხლას მიწისზედა ნაწილებიდან მიზანმიმართული მიწოდების ციტოტოქსიკური საშუალების შემუშავება |
| 653 ## - INDEX TERM--UNCONTROLLED |
| Uncontrolled term |
დისერტაცია |
| 653 ## - INDEX TERM--UNCONTROLLED |
| Uncontrolled term |
ბოტანიკა |
| 653 ## - INDEX TERM--UNCONTROLLED |
| Uncontrolled term |
ექსპერიმენტული კვლევები |
| 700 ## - ADDED ENTRY--PERSONAL NAME |
| Personal name |
ბაკურიძე, ალიოშა |
| Relator term |
სამეცნიერო ხელმძღვანელები |
| 9 (RLIN) |
2889 |
| 700 ## - ADDED ENTRY--PERSONAL NAME |
| Personal name |
ვაჩნაძე, ვალენტინა |
| Relator term |
სამეცნიერო ხელმძღვანელები |
| 9 (RLIN) |
11573 |
| 710 ## - ADDED ENTRY--CORPORATE NAME |
| Corporate name or jurisdiction name as entry element |
თბილისის სახელმწიფო სამედიცინო უნივერსიტეტი |
| 9 (RLIN) |
11574 |
| 942 ## - ADDED ENTRY ELEMENTS (KOHA) |
| Koha item type |
წიგნი |
| Source of classification or shelving scheme |
|